Vista normal
Vista MARC
Entrada Topical Term
Número de registros utilizados en: 1
001 - CONTROL NUMBER
- control field: 67876
003 - CONTROL NUMBER IDENTIFIER
- control field: OSt
005 - DATE AND TIME OF LATEST TRANSACTION
- control field: 20251212155535.0
008 - FIXED-LENGTH DATA ELEMENTS
- fixed length control field: 251212|| aca||aabn | a|a d
040 ## - CATALOGING SOURCE
- Original cataloging agency: OSt
- Transcribing agency: OSt
150 ## - HEADING--TOPICAL TERM
- Topical term or geographic name entry element: Zoología
- General subdivision: Conservación de especímenes
670 ## - SOURCE DATA FOUND
- Source citation: Work cat.: (OSt)60142: Colombia. Ministerio del Medio Ambiente 33821, Guía para la evaluación de poblaciones de fauna silvestre /